Doklady. Mathematics

Αποθηκεύτηκε σε:
Λεπτομέρειες βιβλιογραφικής εγγραφής
Συλλογικό Έργο: Rossiiskaia akademiia nauk, American Mathematical Society
Μορφή: Περιοδική έκδοση
Γλώσσα:English
Russian
Δημοσίευση: Providence,R.I. : American Mathematical Society, c1992-
Θέματα:
Ετικέτες: Προσθήκη ετικέτας
Δεν υπάρχουν, Καταχωρήστε ετικέτα πρώτοι!

MARC

LEADER 00000nas a2200000 i 4500
001 1/25961
008 020805c19929999 eng d
022 |a 10645624 
035 |l 10068160 
040 |a GR-MY-UA  |b gre  |e aacr 
041 0 |a eng  |a rus 
082 0 |a 510.5 
110 2 |a Rossiiskaia akademiia nauk. 
245 1 0 |a Doklady. Mathematics  |h [περιοδικό] /  |c Russian Academy of Sciences 
260 |a Providence,R.I. :   |b American Mathematical Society,   |c c1992- 
300 |a v.;  |b ill.;  |c 26 cm. 
310 |a Bimonthly 
500 |a Translation of the mathematics section of: Doklady Akademii nauk. 
650 0 0 |a Mathematics  |x Periodicals. 
710 2 |a American Mathematical Society. 
853 |a INST  |b SAMOS  |c SER 
922 |a 3ΕΛΗ  |b 200208  |c ΚΕΝΤΡΙΚΗ ΒΙΒΛΙΟΘΗΚΗ  |d SWETS 
970 |a ΠΟΥΡΝΑΡΑΣ  |b ΔΗΜΗΤΡΗΣ  |z 2002/08/05